000 00288nam a2200121Ia 4500
005 20251222152643.0
008 251222s9999||||xx |||||||||||||| ||spa||
082 _a374.012.4/P28
100 _aPatiƱo Castro, Amparo
245 0 _aHorizonte del Saber I
250 _a1ra.ed.
942 _cLIB
999 _c28173
_d28173